000 00739nam a2200289Ia 4500
005 20260324134352.0
008 008 260324s9999 xx 000 0 eng d
020 _a9781315248103
037 _aEBOOK
040 _aCRL
040 _beng
040 _cCRL
041 _2eng
041 _aeng
084 _qCRL
100 _aJunichi Takase; John J. Kirton
_91196556
245 0 _aNew Directions in Global Political Governance
245 4 _bThe G8 and International Order in the Twenty-First Century
260 _bTaylor and Francis
260 _c2002
365 _a
365 _b205
856 _uhttp://www.taylorfrancis.com/books/9781315248103
942 _cEBOOK
999 _c1796585
_d1796585